00464cam a2200169ua 4500020002800000041001000028082001900038100001800057245008600075250001200161260005100173300001200224365001000236504000500246700002400251700001900275 a0 387 90179 5c48.00 aengh a515.15bPET/CA aLax, Peter . aCalculus with applications and computing vol-1 / cPeter Lax.hTextual Documents a1 / b. aNewdelhi : bNarosa Publishing House , c1979. a513 ; . a48.00 a1 aBurstein, Samuel .1 aLax, Anneli .